000
00200nam a22000977a 4500
003
SGT
245
_a
IIM KOZHIKODE SOCIETY & MANAGEMENT REVIEW
260
_b
SAGE
_c
2023
300
_a
261
942
_2
ddc
_c
BV
999
_c
32086
_d
32086